Diagnóstico de la Empresa UNICOM

Presenta él diagnóstico realizado a la empresa UNICOM, Centro de Cómputos de la Facultad de Electrotecnia y Computación de la Universidad Nacional de Ingeniería - UNI, utilizando metodología de entrevistas y el uso de formularios estándares de auditoría. Engloba: Tareas realizadas, reseña h...

Full description

Bibliographic Details
Main Author: Reyes, Ana Virginia
Other Authors: Tutor: Quintana Bonilla, Marisela
Format: Tesis Section = Libro
Language:Undetermined
Spanish
Published: Managua UNI 1998
Subjects:
LEADER 01069nam a2200217Ia 4500
008 240830s9999 xx 000 0 und d
040 |a BIBLIOTECA-RUSB/ T.Mon 020 R457 
041 |a spa 
082 |a T.Mon 020 R457 
100 1 |a Reyes, Ana Virginia 
245 1 0 |a Diagnóstico de la Empresa UNICOM 
260 |a Managua  |b UNI  |c 1998 
300 |a 28 p. :il. 
502 |a Tesis (Ingeniero en Computación) - UNI, 1998. 
520 3 |a Presenta él diagnóstico realizado a la empresa UNICOM, Centro de Cómputos de la Facultad de Electrotecnia y Computación de la Universidad Nacional de Ingeniería - UNI, utilizando metodología de entrevistas y el uso de formularios estándares de auditoría. Engloba: Tareas realizadas, reseña histórica, información a nivel organizacional, situación presupuestaria y financiera, Hardware y Software, seguridad, conclusiones. 
650 7 |a INFORMATICA-AUDITORIA-UNICOM 
650 7 |b  SISTEMAS DE INFORMACION-EVALUACION 
700 1 |a Tutor:  |b Quintana Bonilla, Marisela 
942 |c BK  |2 ddc 
991 |a TESIS 
999 |c 21634